000 00486nam a2200181Ia 4500
005 20250326125743.0
008 250326s9999 xx 000 0 und d
037 _aTextbook
040 _aFMSL
_beng
_cFMSL
041 _aeng
_2eng
084 _aB2893 N3
_qFMSL
100 _aGoddard L S
_9154513
245 0 _aMathematical techniques
_cGoddard L S
260 _aOxford
_bOxford, Porgamon
_c1963
300 _a230p
942 _cTB
_hB2893 N3
999 _c1279412
_d1279412